Mechanics of materials : (Record no. 26717)

MARC details
000 -LEADER
fixed length control field 01043cam a22002655a 4500
001 - CONTROL NUMBER
control field 3055103
005 - DATE AND TIME OF LATEST TRANSACTION
control field 20180514131848.0
008 - FIXED-LENGTH DATA ELEMENTS--GENERAL INFORMATION
fixed length control field 961121s1999 enka frb 001 0 eng d
020 ## - INTERNATIONAL STANDARD BOOK NUMBER
International Standard Book Number 0750632666 (v. 2)
020 ## - INTERNATIONAL STANDARD BOOK NUMBER
International Standard Book Number 9780750632669 (v. 2)
040 ## - CATALOGING SOURCE
Original cataloging agency DLC
Transcribing agency DLC
Modifying agency DLC
-- EG-ScBUE
Language of cataloging eng
082 04 - DEWEY DECIMAL CLASSIFICATION NUMBER
Classification number 620.1123
Edition number 22
Item number HEA
100 1# - MAIN ENTRY--PERSONAL NAME
Personal name Hearn, E. J.
Fuller form of name (Edwin John)
245 10 - TITLE STATEMENT
Title Mechanics of materials :
Remainder of title an introduction to the mechanics of elastic and plastic deformation of solids and structural materials /
Statement of responsibility, etc E. J. Hearn.
250 ## - EDITION STATEMENT
Edition statement 3rd ed., Reprint ed.
260 ## - PUBLICATION, DISTRIBUTION, ETC. (IMPRINT)
Place of publication, distribution, etc Oxford ;
-- Boston :
Name of publisher, distributor, etc Butterworth-Heinemann,
Date of publication, distribution, etc 1999.
300 ## - PHYSICAL DESCRIPTION
Extent v. 2 :
Other physical details ill. ;
Dimensions 25 cm.
500 ## - GENERAL NOTE
General note Reprinted of 1997 ed.
504 ## - BIBLIOGRAPHY, ETC. NOTE
Bibliography, etc Includes bibliographical references and indexes.
650 #7 - SUBJECT ADDED ENTRY--TOPICAL TERM
Topical term or geographic name as entry element Strength of materials.
Source of heading or term BUEsh
9 (RLIN) 10669
653 ## - INDEX TERM--UNCONTROLLED
Resource For college Generalities
Arrived date list May2018
856 42 - ELECTRONIC LOCATION AND ACCESS
Materials specified Publisher description
Uniform Resource Identifier <a href="http://www.loc.gov/catdir/description/els032/96049967.html">http://www.loc.gov/catdir/description/els032/96049967.html</a>
856 41 - ELECTRONIC LOCATION AND ACCESS
Materials specified Table of contents
Uniform Resource Identifier <a href="http://www.loc.gov/catdir/toc/els032/96049967.html">http://www.loc.gov/catdir/toc/els032/96049967.html</a>
942 ## - ADDED ENTRY ELEMENTS (KOHA)
Source of classification or shelving scheme Dewey Decimal Classification
Holdings
Withdrawn status Item status Source of classification or shelving scheme Damaged status Not for loan Home library Current library Shelving location Date acquired Source of acquisition Total Checkouts Full call number Barcode Date last seen Koha item type
    Dewey Decimal Classification     Central Library Central Library First floor 14/05/2018 Purchase   620.1123 HEA 000047770 15/07/2025 Book - Borrowing